| 000 | 01519cam a2200325 i 4500 | ||
|---|---|---|---|
| 003 | SA-RiAUC | ||
| 005 | 20260111121016.0 | ||
| 008 | 260108s1993 su k g b f000 0 ara c | ||
| 020 | _a9960000044 | ||
| 040 |
_aSA-JeALM _bara _cSA-RiAUC _erda |
||
| 041 | 1 |
_aara _heng |
|
| 050 | 4 | _b.R69 1993 | |
| 082 | 0 | 4 |
_a005.7 _qSA-RiAUC |
| 090 |
_a005.7 _bر و ل |
||
| 100 | 1 |
_aرولي، جنيفر، _d1950- _eمؤلف. |
|
| 240 | 1 | 0 |
_aBasics of information technology. _lArabic |
| 245 | 1 | 0 |
_aأسس تقنية المعلومات / _cتأليف جنيفر رولي ؛ ترجمة وتعليق عبد الرحمن بن حمد سليمان العكرش ؛ تقديم عباس صالح طاشكندي. |
| 264 | 1 |
_aالرياض : _bمكتبة الملك فهد الوطنية، _c1993 |
|
| 300 |
_a212 صفحة : _bأشكال ؛ _c24 سم. |
||
| 336 |
_aنص _btxt _2rdacontent _3كتاب |
||
| 337 |
_aبدون وسيط _bn _2rdamedia |
||
| 490 | 0 |
_aمطبوعات مكتبة الملك فهد الوطنية ؛ _vالسلسلة الثانية ؛ _v14 |
|
| 504 | _aببليوجرافية : صفحة 210-212. | ||
| 650 | 7 |
_aتقنية المعلومات _2aucsh |
|
| 700 | 1 |
_aالعكرش، عبد الرحمن بن حمد سليمان، _d1364 هجري- _eمترجم. |
|
| 700 | 1 |
_aطاشكندي، عباس صالح، _d1365 هجري- _eمقدم. |
|
| 700 | 1 | 2 |
_iترجمة لـ : _aرولي، جنيفر، _d1950-. _tBasics of information technology. |
| 942 |
_2ddc _cBOOK _n0 |
||
| 949 |
_aSA-JeALM _d260108 _uosman123 _n1 |
||
| 999 |
_c13961 _d13961 |
||